Most Common First-Level Subdivision Names in the World - Statistics

General Stats
  • This quiz has been taken 348 times
  • The average score is 7 of 16
Answer Stats
# Countries Name % Correct
12 Botswana, Cameroon, Fiji, Ghana, Israel, Malawi, Malta,Papua New Guinea, Paraguay, Solomon Islands, Sri Lanka, Zambia Central
79%
11 Bahrain, Fiji, Ghana, Israel, Malawi, Malta, Rwanda,Sierra Leone, Sri Lanka, Sudan, Zambia Northern
74%
9 Bahrain, Botswana, Israel, Malawi, Malta, Rwanda,Sierra Leone, Sri Lanka, Zambia Southern
74%
8 Fiji, Ghana, Papua New Guinea, Rwanda, Sierra Leone,Solomon Islands, Sri Lanka, Zambia Western
73%
6 Fiji, Ghana, Rwanda, Sierra Leone, Sri Lanka, Zambia Eastern
72%
4 Brazil, Colombia, Peru, Venezuela Amazonas
47%
4 Antigua and Barbuda, Barbados, Dominica, Grenada Saint John
43%
3 Sierra Leone, Singapore, South Africa North West
42%
5 Antigua and Barbuda, Barbados, Dominica, Grenada,Saint Vincent and the Grenadines Saint George
42%
3 Colombia, Ecuador, Venezuela Bolívar
31%
3 Argentina, Bolivia, Cape Verde Santa Cruz
31%
3 Antigua and Barbuda, Barbados, Dominica Saint Peter
28%
3 Bolivia, El Salvador, Honduras La Paz
25%
5 Barbados, Dominica, Grenada, Jamaica,Saint Vincent and the Grenadines Saint Andrew
20%
3 Dominica, Grenada, Saint Vincent and the Grenadines Saint David
15%
3 Dominica, Grenada, Saint Vincent and the Grenadines Saint Patrick
15%
No matching quizzes found
Score Distribution
Percent of People with Each Score
Percentile by Number Answered
Your Score History
You have not taken this quiz